|
|
|
|
| LEADER |
00000nab a2200000 a 4500 |
| 001 |
vtls009164023 |
| 003 |
SK-MaSNL |
| 005 |
20260304164124.0 |
| 008 |
250507c1950 xo |||||| | ||00 b|slo |
| 015 |
|
|
|a SNBRB2007/11
|2 snkbucl
|
| 035 |
|
|
|a (uuid)dbe62ef5-b94a-4b01-9830-234d5457a7ae
|
| 035 |
|
|
|a urn:nbn:sk:snk-ab1evp
|
| 035 |
|
|
|a (urnnbn)urn:nbn:sk:snk:ar-0032mo
|
| 038 |
|
|
|a SNKBUCL
|
| 040 |
|
|
|a SNKBUCL
|b slo
|c SNKBUCL
|e AACR2
|
| 041 |
0 |
|
|a slo
|
| 044 |
|
|
|a xo
|c SK
|
| 080 |
|
|
|a 378.141:811.162.4
|2 1997
|
| 080 |
|
|
|a 811.162.4:378.141
|2 1997
|
| 100 |
1 |
|
|a Ružička, Jozef,
|d 1916-1989
|4 aut
|9 86113
|
| 245 |
1 |
0 |
|a Skúsenosti z prijímacích pojhovorov na škole III. stupňa
|c Jozef Ružička
|
| 650 |
0 |
7 |
|a slovenčina
|2 snkbucl
|9 1350
|
| 650 |
0 |
7 |
|a žiaci škôl II. stupňa
|2 snkbucl
|9 1492344
|
| 650 |
0 |
7 |
|a prijímacie pohovory
|2 snkbucl
|9 67194
|
| 650 |
0 |
7 |
|a odborné školy
|2 snkbucl
|9 30284
|
| 650 |
0 |
7 |
|a vedomostná úroveň
|2 snkbucl
|9 1079216
|
| 773 |
0 |
|
|t Slovenská reč
|g Roč. XVI, č. 1 (1950/1951), s. 22-24
|
| 850 |
|
|
|a Slovenská národná knižnica
|
| 852 |
|
|
|a Slovenská národná knižnica
|
| 954 |
|
|
|a odborná, vedecká literatúra pôvodná (slovenská)
|2 lita
|
| 958 |
|
|
|a article27
|
| 958 |
|
|
|a OND
|
| 958 |
|
|
|a EUIPO
|
| 999 |
|
|
|c 2979751
|d 2981681
|